Les Hautes-Alpes de A à Z : Difficulté standard #1 - Statistiques

Statistiques générales
  • Ce quiz a été pris 7 fois
  • Le résultat moyen est 13 sur 26
Statistiques - réponses
Lettre Indice Réponse % Correct
E Massif dans lequel se trouve le point culminant du département Ecrins
100%
G Préfecture du département Gap
100%
B Plus haute ville de France Briançon
86%
H Sport dont deux équipes locales évoluent en première division française (en 2026) Hockey sur glace
86%
D Province à laquelle le département est historiquement rattaché Dauphiné
71%
M Arbre commun dans le département à partir duquel est produit un alcool local du même nom Mélèze
57%
O Gratin d'épinards sauvages, typique du Champsaur et du Valgaudemar Oreilles d'ânes
57%
Q Parc naturel régional à la frontière italienne Queyras
57%
A Série télé majoritairement filmée dans les Hautes Alpes Alex Hugo
43%
C Animateur de radio et de télé originaire du département Camille Combal
43%
I Col emblématique du tour de France reliant les communes d'Arvieux et de Cervières Izoard
43%
J Sommet au dessus de Briançon et Montgenèvre, célèbre pour ses fortifications de la ligne Maginot. Également le nom d'un Dieu romain. Janus
43%
K Discipline de ski extrême pratiquée sur la piste de Chabrières à Vars Kilomètre lancé
43%
N Prénom d'un skieur olympique français, né à Briançon et fils de Luc Alphand Nils
43%
R Empire au sein duquel Briançon était rattaché aux Alpes cottiennes et Embrun aux Alpes maritimes Rome
43%
S Plus grande station de ski du département Serre Chevalier
43%
T Bourg du sud du département connu pour son château Tallard
43%
U Cours d'eau coulant principalement dans un département voisin, mais qui se jette dans la Durance au niveau du lac de Serre-Ponçon dans les Hautes-Alpes Ubaye
43%
V Architecte des forteresse de Briançon, Mont-Dauphin et Fort-Queyras Vauban
43%
X Compétition américaine de sports extrêmes à laquelle de nombreux athlètes haut-alpins ont participé, comme le snowboardeur Pierre Vaultier X Games
43%
Y Animal montagnard mais exotique dont un élevage est fait au niveau du col de Gleize Yak
43%
F Nom de la mine d'argent de l'Argentière-la-bessée Fournel
29%
P Massif auquel appartient le Morgon, au dessus du lac de Serre-Ponçon Parpaillon
29%
Z Il y en a cinq sur la commune de Gap, nommées Tokoro, les Fauvins, les Eyssagnières, Micropolis et Lachaup Zones d'activités
29%
L Suite du roman de Mélissa da Costa se passant dans un village haut alpin fantasmé Les douleurs fantômes
14%
W Nom donné aux Vaudois dans l'un des pays où ils ont trouvé exil Waldenser
14%
Aucun quiz correspondant
Distribution des résultats
% des personnes avec chaque résultat
Percentile par nombre de réponses
Votre historique - résultats
Vous n’avez pas pris ce quiz